000
00260nam a2200097Ia 4500
001
1207217
005
20251017100918.0
008
250824s9999 xx 000 0 und d
245
0
_a
EŞKİYA İNİNDE
_c
HÜSEYİN RAHMİ GÜRPINAR
260
_b
ÖZGÜR YAYINLARI
999
_c
1207217
_d
1207217